Gyandoh and Griffiths’ sourcebook of the constitutional law of Ghana (Record no. 5420)

MARC details
000 -LEADER
fixed length control field 00619nam a22002057a 4500
003 - CONTROL NUMBER IDENTIFIER
control field OSt
005 - DATE AND TIME OF LATEST TRANSACTION
control field 20250716102227.0
008 - FIXED-LENGTH DATA ELEMENTS--GENERAL INFORMATION
fixed length control field 250715b |||||||| |||| 00| 0 eng d
020 ## - INTERNATIONAL STANDARD BOOK NUMBER
International Standard Book Number 978-9988-8489-4-1
041 ## - LANGUAGE CODE
Language code of text/sound track or separate title English
082 ## - DEWEY DECIMAL CLASSIFICATION NUMBER
Classification number 342.03G Acc No. 2,317
100 ## - MAIN ENTRY--PERSONAL NAME
Personal name KUMADO, Kofi
245 ## - TITLE STATEMENT
Title Gyandoh and Griffiths’ sourcebook of the constitutional law of Ghana
260 ## - PUBLICATION, DISTRIBUTION, ETC.
Place of publication, distribution, etc. Accra:
Name of publisher, distributor, etc. Black Mask Limited,
Date of publication, distribution, etc. 2010.
300 ## - PHYSICAL DESCRIPTION
Extent viii, [n.p]
490 ## - SERIES STATEMENT
Series statement (Volume Two ( Part III))
500 ## - GENERAL NOTE
General note Includes index
653 ## - INDEX TERM--UNCONTROLLED
Uncontrolled term 1. Constitutional law of Ghana 2. Gyandoh and Griffiths'
942 ## - ADDED ENTRY ELEMENTS (KOHA)
Source of classification or shelving scheme Dewey Decimal Classification
Koha item type Books
Suppress in OPAC No
Holdings
Withdrawn status Lost status Source of classification or shelving scheme Damaged status Not for loan Home library Current library Shelving location Date acquired Total checkouts Full call number Date last seen Copy number Price effective from Koha item type
    Dewey Decimal Classification     Main Library Main Library Open Shelves 15/07/2025   342.03G Acc No. 2,317 15/07/2025 C1 15/07/2025 Books
    Dewey Decimal Classification     Main Library Main Library Open Shelves 15/07/2025   342.03G Acc No. 11,327 15/07/2025 C2 15/07/2025 Books
©2026  Parliament of Ghana Library - All rights reserved